LIBRARY & INFORMATION CENTRE, KCAET, TAVANUR

ONLINE PUBLIC ACCESS CATALOGUE (OPAC)

Bilathi Vishesham / (Record no. 534)

MARC details
000 -LEADER
fixed length control field 00475cam a2200169ua 4500
041 ## - LANGUAGE CODE
Language code of text/sound track or separate title mal
082 ## - DEWEY DECIMAL CLASSIFICATION NUMBER
Classification number 894.812 803 55
Item number KES/BI
100 ## - MAIN ENTRY--AUTHOR NAME
Personal name Kesava Menon, K P .
245 ## - TITLE STATEMENT
Title Bilathi Vishesham /
260 ## - PUBLICATION, DISTRIBUTION, ETC. (IMPRINT)
Place of publication Calicut :
Name of publisher Mathrubhumi Printing & Publishing Companty Ltd ,
Year of publication 1959.
300 ## - PHYSICAL DESCRIPTION
Number of Pages 288 ; .
650 ## - SUBJECT ADDED ENTRY--TOPICAL TERM
Topical Term Travelogue - Malayalam
942 ## - ADDED ENTRY ELEMENTS (KOHA)
Koha item type Books
Holdings
Withdrawn status Lost status Damaged status Home library Current library Date acquired Full call number Accession Number Koha item type Public note
Withdrawn     KAUAET Malayalam University 07/04/2012 894.812 803 55 8936 Books Transferred to Malayalam University
free website counter